La campaña del amor : (Record no. 197734)

MARC details
000 -LEADER
campo de control de longitud fija 01153nam a2200289 i 4500
001 - NÚMERO DE CONTROL
campo de control 197734
003 - IDENTIFICADOR DE NÚMERO DE CONTROL
campo de control ES-MaACL
005 - FECHA Y HORA DE LA ÚLTIMA TRANSACCIÓN
campo de control 20250901063143.0
008 - DATOS DE LONGITUD FIJA--INFORMACIÓN GENERAL
campo de control de longitud fija 250509b2024 sp ||||| |||| 00| 0 spa d
020 ## - NÚMERO INTERNACIONAL ESTÁNDAR DEL LIBRO
Número Internacional Estándar del Libro 0799192179952
040 ## - FUENTE DE CATALOGACIÓN
Lengua de catalogación spa
Centro/agencia transcriptor ES-MaACL
100 1# - ENTRADA PRINCIPAL--NOMBRE DE PERSONA
Nombre de persona Pinchi Ramírez, Zully
9 (RLIN) 241291
Término indicativo de función/relación Autor
245 ## - MENCIÓN DEL TÍTULO
Título La campaña del amor :
Resto del título un candidato presidencial entre el deseo y la corrupción /
Mención de responsabilidad, etc. Zully Pinchi.
250 ## - MENCION DE EDICION
Mención de edición Primera edición: agosto 2024
260 ## - PUBLICACIÓN, DISTRIBUCIÓN, ETC.
Lugar de publicación, distribución, etc. [s. l.] :
Nombre del editor, distribuidor, etc. Libros de pastel,
Fecha de publicación, distribución, etc. 2024.
300 ## - DESCRIPCIÓN FÍSICA
Extensión 94 páginas ;
Dimensiones 20 cm.
336 ## - TIPO DE CONTENIDO
Fuente rdacontent
Término de tipo de contenido texto
337 ## - TIPO DE MEDIO
Fuente rdamedia
Nombre/término del tipo de medio sin mediación
338 ## - TIPO DE SOPORTE
Fuente rdacarrier
Nombre/término del tipo de soporte volumen
655 #0 - TERMINO DE INDIZACIÓN--GENERO/FORMA
9 (RLIN) 234319
Datos o término principal de género/forma Novelas
852 ## - LOCALIZACIÓN
Ubicación ES-MaACL
Ubicación en estantería Depósito J
Número de control de estantería N-10598
Anotaciones manuscritas Dedicatoria autógrafa de la autora
Donativo/Legado Donación: Zully Pinchi
Encuadernación Encuadernación rústica con solapas
itemnumber 206721
903 ## - NOMBRE PERSONAL DE DONANTE
9 241291
a Pinchi Ramírez, Zully
e Donante
942 ## - ELEMENTOS DE ENTRADA SECUNDARIOS (KOHA)
Tipo de ítem Koha Libro impreso
Suprimir en OPAC No
Holdings
Estatus retirado Estado de pérdida Fuente del sistema de clasificación o colocación Estado de daño No para préstamo Colección Biblioteca de origen Biblioteca actual Ubicación en estantería Fecha de adquisición Fuente de adquisición Total de préstamos Signatura topográfica completa Código de barras Visto por última vez Precio de reemplazo Tipo de ítem Koha
    Clasificación decimal universal     Libros con dedicatorias Biblioteca del Ateneo de Madrid Biblioteca del Ateneo de Madrid Depósito J 30/08/2025 Donación   N-10598 2025-1097 30/08/2025 30/08/2025 Libro impreso